Un invierno en Nueva York (Record no. 154930)

MARC details
000 -LEADER
campo de control de longitud fija 00776nam a22002055i 4500
001 - NÚMERO DE CONTROL
campo de control 154930
003 - IDENTIFICADOR DE NÚMERO DE CONTROL
campo de control ES-MaACL
005 - FECHA Y HORA DE LA ÚLTIMA TRANSACCIÓN
campo de control 20230906205915.0
008 - DATOS DE LONGITUD FIJA--INFORMACIÓN GENERAL
campo de control de longitud fija 040719q18801900sp |||| | spa d
040 ## - FUENTE DE CATALOGACIÓN
Centro catalogador/agencia de origen CAM
Lengua de catalogación spa
Centro/agencia transcriptor CAM
100 1# - ENTRADA PRINCIPAL--NOMBRE DE PERSONA
Nombre de persona Guiteras, Eusebio.
9 (RLIN) 127636
245 13 - MENCIÓN DEL TÍTULO
Título Un invierno en Nueva York
Resto del título : apuntes de viaje y esbozos de pluma /
Mención de responsabilidad, etc. por Eusebio Guiteras.
260 ## - PUBLICACIÓN, DISTRIBUCIÓN, ETC.
Lugar de publicación, distribución, etc. Barcelona :
Nombre del editor, distribuidor, etc. Gorgas y cª,
Fecha de publicación, distribución, etc. [s.a.]
-- (Tipografía de Fidel Giró.
300 ## - DESCRIPCIÓN FÍSICA
Extensión 208 p. ;
Dimensiones 20 cm.
490 1# - MENCIÓN DE SERIE
Mención de serie Biblioteca de "La Ilustración Cubana"
596 ## - NOTA AL PIE DE IMPRENTA
NOTA AL PIE DE IMPRENTA Palau VI, 111113, lo fecha a finales del siglo XIX.
830 0# - PUNTO DE ACCESO ADICIONAL DE SERIE-TÍTULO UNIFORME
Título uniforme Biblioteca de "La Ilustración Cubana"
9 (RLIN) 181749
852 ## - LOCALIZACIÓN
Ubicación ES-MaACL
Número de control de estantería T-474-F-2
Nota libre -- Enc. hol.
-- -- Enc. en un vol. facticio
Holdings
Estatus retirado Estado de pérdida Estado de daño No para préstamo Colección Biblioteca de origen Biblioteca actual Ubicación en estantería Fecha de adquisición Total de préstamos Signatura topográfica completa Código de barras Visto por última vez Precio de reemplazo Tipo de ítem Koha
        Colección de folletos Biblioteca del Ateneo de Madrid Biblioteca del Ateneo de Madrid Depósito folletos 17/01/2008   T-474-F-2 1162061 23/02/2023 23/02/2023 Folleto